000 00695cam a2200253 4500
999 _c8880
_d8880
001 8880
003 BD-JhCC
005 20180621122812.0
008 740529s1974 nyu 000 0 eng
020 _a0807607320
_a0807607339 (pbk.)
035 _a(BD-JhCC)8880
040 _aDLC
_cDLC
_dDLC
_dBD-JhCC
041 _aeng
050 0 0 _aPS3569.I4725
_bR4
082 0 0 _a811/.5/4
_bSIM 1974
100 1 _aSimic, Charles,
_d1938-
245 1 0 _aReturn to a place lit by a glass of milk :
_bpoems /
_cCharles Simic,
260 _aNew York,
_bG. Braziller
_c[1974]
300 _ax, 70 p.
_c23 cm.
350 _a$5.95
490 0 _aThe Braziller series of poetry
942 _2ddc
_cBK